01478nam a2200397 a 450000500170000000800410001702000150005804100080007309200170008110000270009824500590012525000460018426000320023030000110026250000910027359000390036465300210040365300400042465300140046465300320047865300580051065300400056865300260060865300270063465300440066165300110070565300320071665300270074865300340077565300180080965300420082793000090086994200120087899900150089095201750090520240326135235.0100309e1990||||ck ||f|00001 s spa d a9586071128 aspa c174l91sVAR1 aVarga, Andrew C.91541 aBioética.bPrincipales problemas /cAndrew C. Varga. a2a ed.bTraducción Adolfo Llano Escobar aColombia:bPaulinas;c1990. a545 p. aVarga, A. C. (1990). Bioética. Principales problemas. (2a ed.). Bogotá : Paulinas. aDonación Dora Vera, febrero 2017 aBiologia y moral aPoblación y responsabilidad moral 3aEl aborto aEugenesia y calidad de vida aFecundacion in vitro FIV y transferencia de embriones aFormas irregulares de procreación aIngenieria genética aExperimentacion humana aPsicocirugía y control de la conducta aDrogas 3aEl transplante de órganos aÓrganos artificiales aPreseleccion y cambio de sexo aVida y muerte 3aLa moralidad de la eutanasia infantil a3746 2ddccBK c2314d2314 00102ddc4070aBFMbBFMcCRd2017-02-21eDonación Dora Vera, febrero 2017.l0o174 91 VARp3746r2017-02-21tEj.1w2017-02-21yBKzDonación Dora Vera, febrero 2017.